แสดงรายละเอียดบรรณานุกรม
  กลับหน้าหลัก

Brief Record : Get Marc (ISO 2709) : E-mail record : QR code ปิดหน้าต่าง
LEADER 00000nama 2200000uu 4500
008    040531s|||| th m m a000 0 tha d
020    978-974-10-1693-8
041    tha
050    อ W20.55.H9 ร451 2551
100    วิชัย โชควิวัฒน.
245    รายงานเบลมองตื = The Belmont report/วิชัย โชควิวัฒน.
260    กรุงเทพฯ. สำนักงานกิจการโรงพิมพ์ องค์การสงเคราะห์ทหารผ่านศึก. 2551.
300    37 หน้า.
500    หนังสือบริจาค.
600    1.ทิพิชา โปษยานนท์.
650    1.มนุษย์วิจัยจรรยาบรรณ 2.การทดลองในมนุษย์(แพทยศาสตร์)--จรรยาบรรณ
995    002
รายการนี้ยังไม่มีแท็ก
คุณยังไม่ได้ล็อกอิน คุณสามารถมีกิจกรรมร่วมกับเว็บไซต์ได้ แต่ต้องล็อกอินก่อน ::
  ล็อกอิน
ลำดับที่ ประเภท เลขเรียก สถานที่ สถานะ
1. หนังสือทั่วไป
หนังสือทั่วไป
อ W20.55.H9 ร451 2551  
  
หนังสือทั่วไป On Shelf
  ขอยืม
   [แสดง 1/1 รายการ]

รายการใกล้เคียง
    ผู้แต่ง [วิชัย โชควิวัฒน.]

BibComment


ยังไม่เคยถูกคอมเมนท์

คอมเมนท์ทรัพยากรรายการนี้
  คอมเมนท์: รายงานเบลมองตื T..
Bib 200854

 
 
 

 Union Library Management : ULibM
Copyright 2026. All Rights Reserved.
скачать бесплатно без регистрации порно красивый секс HD Sex Hindi sex

xxx gou

xxxx

bfxxx

xxxwww

Секса Видео

xxxx

Секса Видео

detube

geilexxx

C99 Shell

worms shell

blod xxx video
Ebony Coed Rihanna Rimes Takes A Dick In Her Young Twat priyaa indian fuck anal and pusssy hardcore indian women xxx desi hardcore fucking part 1 bengalixxxcouple